000 01068nam a22002055i 4500
001 171112
003 ES-MaACL
005 20251017063112.0
008 090429s1862 sp |||| | spa d
100 1 _aJackson Cortés, Eduardo,
_d1826-1890
_9128236
245 1 4 _aUna ganga
_b: comedia original en un acto y en verso /
_cde Eduardo Cortés.
260 _aMadrid :
_b[Juan Manuel Guerrero],
_c1862 (
_fImpr. de Cristóbal González)
300 _a35 p. ;
_c18 cm.
490 1 _aEl coliseo
500 _aEn port.: Representada con gran aplauso en el teatro de Novedades de esta corte, en el mes de marzo de 1862.
830 0 _aEl coliseo
_9188992
852 _aES-MaACL
_jF-8587(1)
_z.- Enc. pasta española
_q.- Falto de la cub. original
_z.- Enc. en un vol facticio formando parte de la col. facticia "Teatro español moderno", vol. 40
852 _aES-MaACL
_jF-8587(2)
_z.- Enc. pasta española
_q.- Falto de la cub. original
_z.- Enc. en un vol facticio formando parte de la col. facticia "Teatro español moderno", vol. 40
999 _c171112
_d171112